De Ilión a Ítaca / (Record no. 181044)

MARC details
000 -LEADER
campo de control de longitud fija 00778nam a2200229 i 4500
001 - NÚMERO DE CONTROL
campo de control 181044
003 - IDENTIFICADOR DE NÚMERO DE CONTROL
campo de control ES-MaACL
005 - FECHA Y HORA DE LA ÚLTIMA TRANSACCIÓN
campo de control 20231007164211.0
008 - DATOS DE LONGITUD FIJA--INFORMACIÓN GENERAL
campo de control de longitud fija 121005s2009 sp a | |||||||| | spa d
020 ## - NÚMERO INTERNACIONAL ESTÁNDAR DEL LIBRO
Número Internacional Estándar del Libro 978-84-613-4197-9
080 ## - NÚMERO DE LA CLASIFICACIÓN DECIMAL UNIVERSAL
Número de la Clasificación Decimal Universal 292.11
100 1# - ENTRADA PRINCIPAL--NOMBRE DE PERSONA
Nombre de persona González de Mendoza, Luis.
9 (RLIN) 151568
245 10 - MENCIÓN DEL TÍTULO
Título De Ilión a Ítaca /
Mención de responsabilidad, etc. Luis González de Mendoza.
260 ## - PUBLICACIÓN, DISTRIBUCIÓN, ETC.
Lugar de publicación, distribución, etc. Madrid :
Nombre del editor, distribuidor, etc. Proyectos Editoriales Cave Canem,
Fecha de publicación, distribución, etc. D.L. 2009.
300 ## - DESCRIPCIÓN FÍSICA
Extensión 788 p. (1 mapa pleg.) ;
Dimensiones 24 cm.
504 ## - NOTA DE BIBLIOGRAFÍA, ETC.
Nota de bibliografía, etc. Bibliografía: p. 769-783.
650 #7 - PUNTO DE ACCESO ADICIONAL DE MATERIA--TÉRMINO DE MATERIA
Término de materia o nombre geográfico como elemento de entrada Mitología griega.
9 (RLIN) 15104
852 ## - LOCALIZACIÓN
Ubicación ES-MaACL
Número de control de estantería A-12259
itemnumber 187927
Sublocalización o colección R.147192
Signatura antigua Olim: N-5264
Ubicación en estantería Depósito 1
Encuadernación Donación: Eduardo Szmulewicz
903 ## - NOMBRE PERSONAL DE DONANTE
9 234324
a Szmulewicz, Eduardo
e Donante
942 ## - ELEMENTOS DE ENTRADA SECUNDARIOS (KOHA)
Fuente del sistema de clasificación o colocación Clasificación decimal universal
Tipo de ítem Koha Libro impreso
Holdings
Estatus retirado Estado de pérdida Fuente del sistema de clasificación o colocación Estado de daño No para préstamo Biblioteca de origen Biblioteca actual Ubicación en estantería Fecha de adquisición Fuente de adquisición Total de préstamos Signatura topográfica completa Código de barras Visto por última vez Precio de reemplazo Tipo de ítem Koha
    Clasificación decimal universal     Biblioteca del Ateneo de Madrid Biblioteca del Ateneo de Madrid Depósito 1 05/10/2012 Donación   A-12259 1190254 23/02/2023 23/02/2023 Libro impreso